LEADER 00944naa a2200193 u 4500 001 000000095143 003 CaOOAMICUS 005 20070226130141.0 008 040602s1967 gw u000 u ger u 035 $a10997493 040 $aIAR$bita 100 1 $aHrynioch, Joannes.$0(OLS)http://pul/name/61055 245 10$aWiderhall der cyrillo-methodianischen Idee auf dem II. Vatikanischen Konzil /$cJoannes Hrynioch. 260 $aWiesbaden :$bHarrassowitz,$c1967. 300 $av.3, S. 196-202, ;$c24 cm 773 0 $aGeschichte der Ost- und Westkirche in ihren wechselseitigen Beziehungen. 773 0 $aCongresso internazionale di storia slava.$tActa congressus historiae Slavicae Salisburgensis in memoriam ss. Cyrilli et Methodii anno 1963 celebrati$w()12921 996 $6245$aWiderhall der cyrillo-methodianischen Idee auf dem II. Vatikanischen Konzil$9(OLS)http://pul/title/122022 996 $6260$aWiesbaden :$bHarrassowitz$9(OLS)http://pul/publisher/53801 LEADER 01066nam a2200253 u 4500 001 000000081748 003 CaOOAMICUS 005 20070226123804.0 008 050330s1943 it u000 u ita u 035 $a11036453 040 $aPUL(R)$bita 100 1 $aTinto, Edoardo.$0(OLS)http://pul/name/54437 245 10$aStoria delle parole :$bsecondo compendio /$cEdoardo, Tinto. 260 $aRoma :$bPropaganda Libraria,$c1943. 300 $a30 cm. ;$c17 cm 490 1 $aBiblioteca dei Curiosi.$aSeconda serie ;$v8 500 $aIn appendice: una regola di grammatica ignorata dai grammatici. 650 4$aDizionari terminologici.$0(OLS)http://pul/subject/28158 830 0$aBiblioteca dei Curiosi.$nSeconda serie ;$v8.$0(OLS)http://pul/title/106857 850 $aPUL 852 $aPUL$W1$xDP1 Fondo Cecchetti$y53$m260 S 51$j104235$nBK-PRI$b $qFondi$B104235$CPULBib$Z2$F104235 $82 941 1 $a1 996 $6245$aStoria delle parole :$bsecondo compendio$9(OLS)http://pul/title/106869 996 $6260$aRoma :$bPropaganda Libraria$9(OLS)http://pul/publisher/76098